| 000 | 00845nam a22002177a 4500 | ||
|---|---|---|---|
| 999 |
_c16452 _d16452 |
||
| 003 | AR-CdUCM | ||
| 008 | 190503b ||||| |||| 00| 0 spa d | ||
| 040 |
_aMUNICIPALIDAD PROVINCIAL DEL CUSCO _cBIBLIOTECA MUNICIPAL DEL CUSCO |
||
| 082 |
_a920.82 / _bA34 |
||
| 100 |
_aAlberdi, J. B. _935902 |
||
| 245 | _aGrandes y pequeños hombres del plata / | ||
| 260 |
_aParís : _bGarnier hermanos, |
||
| 300 |
_aXX, 394 páginas : _c20 cm. |
||
| 440 |
_aBiblioteca de grandes autores americanos _935903 |
||
| 505 | _aContenido : Historia de Belgrano por Bartolomé Mitre, miembro de muchos institutos y sociedades históricas -- Parasitismo republicano -- Dos modos de escribir la historia ... | ||
| 650 |
_aHistoria _9136 |
||
| 650 |
_aGrandes hombres _935904 |
||
| 650 |
_aBiografías _9148 |
||
| 942 |
_2ddc _cLIBROS |
||
| 945 |
_arah _d03/05/2019 |
||